000 00234 a2200097 4500
001 37370
100 _aKwatra Suresh K
245 _aTop Impressive letters
260 _aNew Delhi
_bGaurar Publishers House
_c
090 _c23841
_d23841
942 _aNUST-CAE
_cM
_c15382
999 _c272443
_d272443